<?xml version="1.0" encoding="UTF-8"?><?xml-stylesheet type="text/xsl" href="static/style.xsl"?><OAI-PMH xmlns="http://www.openarchives.org/OAI/2.0/" xmlns:xsi="http://www.w3.org/2001/XMLSchema-instance" xsi:schemaLocation="http://www.openarchives.org/OAI/2.0/ http://www.openarchives.org/OAI/2.0/OAI-PMH.xsd"><responseDate>2026-04-17T22:49:15Z</responseDate><request verb="GetRecord" identifier="oai:www.recercat.cat:10459.1/468768" metadataPrefix="marc">https://recercat.cat/oai/request</request><GetRecord><record><header><identifier>oai:recercat.cat:10459.1/468768</identifier><datestamp>2025-10-13T18:08:29Z</datestamp><setSpec>com_2072_3622</setSpec><setSpec>col_2072_479130</setSpec></header><metadata><record xmlns="http://www.loc.gov/MARC21/slim" xmlns:dcterms="http://purl.org/dc/terms/" xmlns:xsi="http://www.w3.org/2001/XMLSchema-instance" xmlns:doc="http://www.lyncode.com/xoai" xsi:schemaLocation="http://www.loc.gov/MARC21/slim http://www.loc.gov/standards/marcxml/schema/MARC21slim.xsd">
   <leader>00925njm 22002777a 4500</leader>
   <datafield ind2=" " ind1=" " tag="042">
      <subfield code="a">dc</subfield>
   </datafield>
   <datafield ind2=" " ind1=" " tag="720">
      <subfield code="a">Hernández Barrios, Víctor</subfield>
      <subfield code="e">author</subfield>
   </datafield>
   <datafield ind2=" " ind1=" " tag="720">
      <subfield code="a">Molina Blanco, Santiago</subfield>
      <subfield code="e">author</subfield>
   </datafield>
   <datafield ind2=" " ind1=" " tag="260">
      <subfield code="c">2025</subfield>
   </datafield>
   <datafield ind2=" " ind1=" " tag="520">
      <subfield code="a">In this note we define anticyclotomic p-adic measures attached to a modular elliptic curve E over a general number field F, a quadratic extension, and a set of places S of F above p. We study the exceptional zero phenomenon that arises when E has multiplicative reduction at some place in S. In this direction, we obtain p-adic Gross-Zagier formulas relating derivatives of the corresponding p-adic L-functions to the extended Mordell-Weil group of E. Our main result uses the recent construction of plectic points on elliptic curves due to Fornea and Gehrmann and generalizes their main result in [9]. We obtain a formula that computes the r-th derivative of the p-adic L-function, where r is the number of places in S where E has multiplicative reduction, in terms of plectic points and Tate periods of E.</subfield>
   </datafield>
   <datafield ind2=" " ind1=" " tag="520">
      <subfield code="a">This project has received funding from the European Research Council (ERC) under the European Union's Horizon 2020 research and innovation programme (grant agreement No. 682152). Moreover, the second author has been partially funded by the projects PID2021-124613OB-I00 and PID2022-137605NB-I00 from Ministerio de Ciencia e innovación. We would also like to thank Lennart Gehrmann and Marc Masdeu for all their helpful remarks and comments.</subfield>
   </datafield>
   <datafield ind1="8" ind2=" " tag="024">
      <subfield code="a">http://hdl.handle.net/10459.1/468768</subfield>
   </datafield>
   <datafield tag="653" ind2=" " ind1=" ">
      <subfield code="a">p-adic L-functions</subfield>
   </datafield>
   <datafield tag="653" ind2=" " ind1=" ">
      <subfield code="a">Plectic points</subfield>
   </datafield>
   <datafield tag="653" ind2=" " ind1=" ">
      <subfield code="a">Exceptional zero formulas</subfield>
   </datafield>
   <datafield ind2="0" ind1="0" tag="245">
      <subfield code="a">Exceptional zero formulas for anticyclotomic p-adic L-functions</subfield>
   </datafield>
</record></metadata></record></GetRecord></OAI-PMH>